书目信息 |
| 题名: |
建筑工程
|
|
| 作者: | 魏文彪 主编 ;注册执业资格考试辅导教材编写组 编写 | |
| 分册: | ||
| 出版信息: | 北京 中国建材工业出版社 2008.04 |
|
| 页数: | 214页 | |
| 开本: | 28cm | |
| 丛书名: | 注册执业资格考试辅导教材系列 | |
| 单 册: | ||
| 中图分类: | TU-44 | |
| 科图分类: | ||
| 主题词: | 建筑师--考核--习题 , 建筑工程--考核--习题 , 建筑工程 , 建筑师 | |
| 电子资源: | ||
| ISBN: | 978-7-80227-302-3 | |
| 000 | 01104nam0 2200313 450 | |
| 001 | 003642732 | |
| 005 | 20110415203651.53 | |
| 010 | @a978-7-80227-302-3@dCNY35.00@z7-80227-302-1 | |
| 100 | @a20100913d2008 em y0chiy0110 ea | |
| 101 | 0 | @achi |
| 102 | @aCN@b110000 | |
| 105 | @ay zq 000yy | |
| 200 | 1 | @a建筑工程@Ajian zhu gong cheng@f魏文彪主编@g注册执业资格考试辅导教材编写组编写 |
| 210 | @a北京@c中国建材工业出版社@d2008.04 | |
| 215 | @a214页@d28cm | |
| 225 | 2 | @a注册执业资格考试辅导教材系列 |
| 300 | @a全国二级建造师执业资格考试题库与案例分析 | |
| 330 | @a本书主要包括建筑工程专业题库和建筑工程案例分析题两大部分内容。介绍了2A310000建筑工程技术、建筑工程施工管理等。 | |
| 410 | 0 | @12001 @a注册执业资格考试辅导教材系列 |
| 606 | 0 | @a建筑师@x考核@x习题 |
| 606 | 0 | @a建筑工程@x考核@x习题 |
| 606 | 0 | @a建筑工程 |
| 606 | 0 | @a建筑师 |
| 690 | @aTU-44@v5 | |
| 701 | 0 | @a魏文彪@Awei wen biao@4主编 |
| 712 | 02 | @a注册执业资格考试辅导教材编写组@Azhu ce zhi ye zi ge kao shi fu dao jiao cai bian xie zu@4编写 |
| 801 | 0 | @c20110415 |
| 905 | @aBZT@dTU-44@e7 | |
| 906 | @dCNY35.00@n0@r1 | |
| 建筑工程/魏文彪主编/注册执业资格考试辅导教材编写组编写.-北京:中国建材工业出版社,2008.04 |
| 214页;28cm.-(注册执业资格考试辅导教材系列) |
| 全国二级建造师执业资格考试题库与案例分析 |
| ISBN 978-7-80227-302-3:CNY35.00 |
| 本书主要包括建筑工程专业题库和建筑工程案例分析题两大部分内容。介绍了2A310000建筑工程技术、建筑工程施工管理等。 |
| ● |
| 相关链接 |
|
|
|
正题名:建筑工程
索取号:TU-44/7
 
预约/预借
| 序号 | 登录号 | 条形码 | 馆藏地/架位号 | 状态 | 备注 |
| 1 | 772298 | 2000772298 | 中心书库中库/ 中库023架B面4列7层55/ [索取号:TU-44/7] | 在馆 | |
| 2 | 772299 | 2000772299 | 中心书库中库/ 中库023架B面4列7层51/ [索取号:TU-44/7] | 在馆 | |
| 3 | 772300 | 2000772300 | 中心书库中库/ 中库023架B面4列7层57/ [索取号:TU-44/7] | 在馆 | |
| 4 | 772301 | 2000772301 | 中心书库中库/ 中库023架B面4列7层52/ [索取号:TU-44/7] | 在馆 | |
| 5 | 772302 | 2000772302 | 中心书库中库/ 中库023架B面4列7层53/ [索取号:TU-44/7] | 在馆 | |
| 6 | 772303 | 2000772303 | 中心书库中库/ 中库023架B面4列7层48/ [索取号:TU-44/7] | 在馆 | |
| 7 | 772304 | 2000772304 | 中心书库中库/ 中库023架B面4列7层50/ [索取号:TU-44/7] | 在馆 | |
| 8 | 772305 | 2000772305 | 中心书库中库/ 中库023架B面4列7层56/ [索取号:TU-44/7] | 在馆 | |
| 9 | 772306 | 2000772306 | 中心书库中库/ 中库023架B面4列7层49/ [索取号:TU-44/7] | 在馆 | |
| 10 | 772307 | 2000772307 | 中心书库中库/ 中库023架B面4列7层54/ [索取号:TU-44/7] | 在馆 |